00793nam a2200181 a 450000100100000000500170001000800410002704000250006808200150009324500500010826001400015830000200029850000350031804900090035395201130036295201190047599900170059400002801120200930031257.0110406s199? dr 000 0 spa d aDO-SdBNPbspacBNPHU axxxxbE24f00aAcrobacia :bgimnasia de agilidad y destreza. aSanto Domingo :bSecretaría de Estado de Deportes, Educación Física y Recreación (SEDEFIR), Centro de Documentación,c[199?]. a20 p. :b22 cm. aTítulo tomado de la cubierta aBNPD 0010718PDaPDbPDcCTd2011-04-06iLF1l0oxxxx E24fp28011-10r2020-06-25w2020-06-25yLFPDZNo se presta 0010718PDaPDbPDcCTd2011-04-27iLF1l0oxxxx E24fp28011-20r2020-06-25te. 2w2020-06-25yLFPDZNo se presta c27503d27503